Čo ovplyvňuje finančné trhy USA ?

Základné indikátory, ktoré odrážajú vývoj celého hospodárstva, alebo jeho segmentov v USA, z ktorých každý má rôzny vplyv na vývoj finančných trhov.

Na minha lista:
Detalhes bibliográficos
Autor principal: Bačišin, Vladimír
Formato: Capítulo de Livro
Idioma:eslovaco
Assuntos:
Tags: Adicionar Tag
Sem tags, seja o primeiro a adicionar uma tag!

MARC

LEADER 00000naa$a2200000$$$4500
001 0018460
005 20230926071458.9
041 0 |a slo 
044 |a SK 
245 1 0 |a Čo ovplyvňuje finančné trhy USA ?  |c Vladimír Bačišin 
520 |a Základné indikátory, ktoré odrážajú vývoj celého hospodárstva, alebo jeho segmentov v USA, z ktorých každý má rôzny vplyv na vývoj finančných trhov. 
610 2 0 |a trh finančný 
610 2 0 |a ukazovatele 
610 2 0 |a USA 
100 1 |a Bačišin, Vladimír